Redacción comercial estructurada (Registro nro. 7784)
[ vista simple ]
| 000 -CABECERA | |
|---|---|
| campo de control de longitud fija | 00888aam a2200313 4500 |
| 005 - FECHA Y HORA DE ACTUALIZACIÓN | |
| campo de control | 20221007165257.0 |
| 008 - LONGITUD FIJA | |
| campo de control de longitud fija | 150716b xxu||||| |||| 00| 0 spa d |
| 020 ## - INTERNATIONAL STANDARD BOOK NUMBER | |
| Número Internacional Estándar del Libro | 9786071511935 |
| 041 ## - IDIOMA | |
| Código de idioma del texto/pista de sonido o título separado | |
| 082 ## - CLASIFICACIÓN DECIMAL DEWEY | |
| Número de clasificación | 651.75 |
| Número de documento/Ítem | R741r6 |
| 100 ## - AUTOR PERSONAL | |
| Nombre de persona | Rojas, Demóstenes |
| 245 ## - TÍTULO PROPIAMENTE DICHO | |
| Título | Redacción comercial estructurada |
| 250 ## - EDICIÓN | |
| Mención de edición | 6 edición |
| 260 ## - PIE DE IMPRENTA | |
| Lugar de publicación, distribución, etc. | Colombia |
| Nombre del editor, distribuidor, etc. | McGraw-Hill |
| Fecha de publicación, distribución, etc. | 2014 |
| 300 ## - DESCRIPCIÓN FÍSICA | |
| Extensión | 201 páginas |
| 505 ## - Nota de Contenido | |
| Nota de contenido | Contiene Disco Compacto N° 739 |
| 650 ## - Materia General | |
| Materia general | CORRESPONDENCIA |
| 650 ## - Materia General | |
| Materia general | REDACCION COMERCIAL |
| 650 ## - Materia General | |
| Materia general | COMUNICACION |
| 650 ## - Materia General | |
| Materia general | CARTA COMERCIAL |
| 650 ## - Materia General | |
| Materia general | CORRESPONDENCIA COMERCIAL |
| 650 ## - Materia General | |
| Materia general | OFICINA AUTOMATIZADA |
| 650 ## - Materia General | |
| Materia general | MEMORANDO |
| 650 ## - Materia General | |
| Materia general | INFORME |
| 650 ## - Materia General | |
| Materia general | MENSAJE |
| 650 ## - Materia General | |
| Materia general | CIBERNETICA |
| 650 ## - Materia General | |
| Materia general | CORREO ELECTRONICO |
| 942 ## - Punto de Acceso Adicional Koha | |
| Tipo de ítem Koha | Libro |
| Estado perdido | Estado dañado | No para préstamo | Biblioteca permanente | Biblioteca actual | Signatura completa | Código de barras | Precio efectivo a partir del | Tipo de ítem | Estado retirado | Fuente de clasificación o esquema de estantería |
|---|---|---|---|---|---|---|---|---|---|---|
| Departamento de Biblioteca y Documentación Alfonso Chase Brenes | Departamento de Biblioteca y Documentación Alfonso Chase Brenes | 651.75 R741r6 | 20710 | 04/03/2016 | Libro | |||||
| Departamento de Biblioteca y Documentación Alfonso Chase Brenes | Departamento de Biblioteca y Documentación Alfonso Chase Brenes | 651.75 R741r6 | 20711 | 04/03/2016 | Libro | |||||
| Departamento de Biblioteca y Documentación Alfonso Chase Brenes | Departamento de Biblioteca y Documentación Alfonso Chase Brenes | 651.75 R741r6 | 21093 | 20/05/2016 | Libro | |||||
| Departamento de Biblioteca y Documentación Alfonso Chase Brenes | Departamento de Biblioteca y Documentación Alfonso Chase Brenes | 651.75 R741r6 | 21094 | 20/05/2016 | Libro | |||||
| Departamento de Biblioteca y Documentación Alfonso Chase Brenes | Departamento de Biblioteca y Documentación Alfonso Chase Brenes | 739 DC | 739ADC | 23/05/2016 | Disco Compacto | |||||
| Departamento de Biblioteca y Documentación Alfonso Chase Brenes | Departamento de Biblioteca y Documentación Alfonso Chase Brenes | 739 DC | 739BDC | 23/05/2016 | Disco Compacto | |||||
| Dañado | Departamento de Biblioteca y Documentación Alfonso Chase Brenes | Departamento de Biblioteca y Documentación Alfonso Chase Brenes | 739 DC | 739CDC | 23/05/2016 | Disco Compacto | Retirado | Dewey Decimal Classification | ||
| Departamento de Biblioteca y Documentación Alfonso Chase Brenes | Departamento de Biblioteca y Documentación Alfonso Chase Brenes | 651.75 R741r6 | 21447 | 16/09/2016 | Libro | |||||
| Departamento de Biblioteca y Documentación Alfonso Chase Brenes | Departamento de Biblioteca y Documentación Alfonso Chase Brenes | 651.75 R741r6 | 739EDC | 07/10/2022 | Libro |